• 首页
  • 本馆介绍
  • 公告通知
  • 最新文献
  • 馆藏检索
  • 电子资源
  • 读者导购
  • 参考咨询
  • 我的图书馆
  • 登录
  • 详细信息显示
  • 放入我的书架
  • 预约/预借图书
  • 作者相关作品
  • 分类相关作品
  • 丛书相关作品
  • 出版社相关作品

书目信息

  • 表格格式
  • 工作单格式
  • 卡片格式
题名:
祝福
    
 
作者: ;中国电影出版社 编辑
分册:  
出版信息: 北京   编者  1979
页数: 188页
开本: 20cm
丛书名:
单 册:
中图分类: J905.2
科图分类:
主题词: 鲁迅小说 , 电影剧本--中国--现代 , 电影评论-祝福
电子资源:
ISBN:
000 00701nam0 2200265 45
001 0179002800
005 20060820165448.79
010    @dCNY1.30
091    @aCN@b8061.1333
100    @a19950801d1979 em y0chiy0121 ea
101 0  @achi
102    @aCN@b110000
105    @af z 000ay
200 10 @a祝福@Azhu fu@e从小说到电影@f中国电影出版社编辑
205    @a2版
210    @a北京@c编者@d1979
215    @a188页@c剧照@d20cm
605    @a祝福-电影评论
606    @a鲁迅小说
606    @a电影剧本@y中国@z现代
606    @a电影评论-祝福
690    @aJ905.2@v3
711 02 @a中国电影出版社@Azhong guo dian ying chu ban she@4编辑
801  0 @aCN@bTSSF@c20060820
905    @a10447@dJ905.2@e133
    
    祝福:从小说到电影/中国电影出版社编辑.-2版.-北京:编者,1979
    188页:剧照;20cm
    
    
    ISBN :CNY1.30
    
●
相关链接 在E读中查询图书 在五车中查询图书 在当当中查询图书 在豆瓣中查询图书


正题名:祝福     索取号:J905.2/133         预约/预借

序号 登录号 条形码 馆藏地/架位号 状态 备注
1 0444517   204445172   密集书库/ [索取号:J905.2/133] 在馆    
2 0467257   204672577   密集书库/ [索取号:J905.2/133] 在馆    
唐山师范学院图书馆 欢迎您!
大连网信软件有限公司© 版权所有